00613nam a2200169Ia 4500008004100000041000800041082001300049100002300062245005300085260002700138300000800165365001600173700002300189906003400212999001900246952017800265230718s9999 xx 000 0 und d aeng a530bHAL aHalpern A.9161135 aSchaums Outlines 3000 Solved Problems In Physics bTata Mc-graw Hill Pub. a475 cRs.b385.00 aHalpern A.9161135 dB:451120-Aug-2008cALLEDSb77 c319427d319427 00104070aCCEPbCCEPd2008-10-11eVarma Book DistributorsfALLEDSg308.00i4511l4o530pCCEP-BK-30634r2026-01-07 17:08:24s2025-12-12t77v385.00w2008-08-20yBKz030634